| Tag |
First Indicator |
Second Indicator |
Subfields |
| LEADER |
00000cam a2200000 a 4500 |
| 001 |
in00000009006 |
| 005 |
20151007051446.0 |
| 008 |
870622r1987 nyu 00011 eng |
| 010 |
|
|
|a 87045348
|
| 020 |
|
|
|a 0060158468 :
|c $10.95
|
| 035 |
|
|
|a (OCoLC)16130101
|
| 035 |
|
|
|9 AAA3077AM
|
| 040 |
|
|
|a DLC
|c DLC
|d TXA
|d UtOrBLW
|
| 049 |
|
|
|a TXAM
|c [A12641437]
|
| 050 |
0 |
0 |
|a PR9369.3.H65
|b B53 1987
|
| 082 |
0 |
|
|a 823
|2 19
|
| 100 |
1 |
|
|a Hope, Christopher.
|
| 245 |
1 |
0 |
|a Black swan /
|c Christopher Hope ; illustrations by Gillian Barlow.
|
| 250 |
|
|
|a 1st U.S. ed.
|
| 264 |
|
1 |
|a New York :
|b Harper & Row,
|c [1987]
|
| 264 |
|
4 |
|c ©1987
|
| 300 |
|
|
|a 127 pages ;
|c 22 cm.
|
| 336 |
|
|
|a text
|b txt
|2 rdacontent
|
| 337 |
|
|
|a unmediated
|b n
|2 rdamedia
|
| 338 |
|
|
|a volume
|b nc
|2 rdacarrier
|
| 490 |
0 |
|
|a The Harper short novel series
|
| 999 |
|
|
|a MARS
|
| 999 |
f |
f |
|s 9f913591-0d82-387a-8477-7cc788a943be
|i be3c1dd8-0345-3370-a48c-791e0b4d120f
|t 0
|
| 952 |
f |
f |
|p ric
|a Texas A&M University
|b Rellis Campus
|c Joint Library Facility
|d Remote Storage
|t 0
|e PR9369.3.H65 B53 1987
|h Library of Congress classification
|i unmediated -- volume
|m A14812641437
|
| 998 |
f |
f |
|a PR9369.3.H65 B53 1987
|t 0
|l Remote Storage
|